| 000 | 00611nam a2200217Ia 4500 | ||
|---|---|---|---|
| 005 | 20241129111429.0 | ||
| 008 | 241129s9999||||xx |||||||||||||| ||und|| | ||
| 020 | _a978-93-90887-08-8 | ||
| 037 | _aTB | ||
| 040 |
_aCRL _beng _cCRL |
||
| 041 |
_aurd _2urd |
||
| 084 |
_aO168,3NSA1x R3 _qCRL |
||
| 100 |
_aSahir Rajeev Prakash Au. _9724410 |
||
| 245 | 0 |
_aTaaqub zard mausam ka _cSahir Rajeev Prakash Au. |
|
| 260 |
_aLucknow, India _bMatterlink _c2023 |
||
| 300 | _a375p. | ||
| 365 |
_aINR _b700 |
||
| 650 |
_aUrdu Fiction _93298 |
||
| 942 |
_cTB _hO168,3NSA1x R3 |
||
| 999 |
_c1230439 _d1230439 |
||